Pakistani Cities - Sudden Death - Statistics

General Stats
  • This quiz has been taken 686 times
  • The average score is 9 of 14
Answers on the Grid
Answers color-coded by a green-red scale on the quiz's grid according to % correct below.
Ahmedabad
Amritsar
Bahawalpur
Faisalabad
Gilgit
Gujranwala
Herat
Hyderabad
Islamabad
Jalalabad
Jammu
Jodhpur
Kabul
Kandahar
Karachi
Kerman
Lahore
Ludhiana
Multan
Muzaffarabad
Peshawar
Quetta
Rawalpindi
Shimla
Srinagar
Sukkur
Udaipur
Zahedan
 
Answer Stats
Answer % Correct
Islamabad
85%
Lahore
72%
Faisalabad
71%
Karachi
68%
Peshawar
67%
Gujranwala
65%
Gilgit
64%
Hyderabad
64%
Quetta
58%
Rawalpindi
57%
Bahawalpur
56%
Multan
55%
Muzaffarabad
44%
Sukkur
33%
No matching quizzes found
Score Distribution
Percent of People with Each Score
Percentile by Number Answered
Your Score History
You have not taken this quiz